00435nam a2200181 a 450000100060000000300090000600800410001502000150005604000280007108200100009910000160010924500260012526000300015130000110018149000160019265000220020865000230023017387CO-ViMGA141112s2004 ck r 000 u spa d a9580442819 aCO-ViMGAbspacCO-ViMGA04aSTIfa1 aStine, R.L.10aEl fantasma que ladra aBogotá, cNorma, c1998 a122.p. aEscalofrios14aCUENTOS DE TERROR14aCUENTOS INFANTILES